• 首页
  • 本馆介绍
  • 公告通知
  • 最新文献
  • 馆藏检索
  • 电子资源
  • 读者导购
  • 参考咨询
  • 我的图书馆
  • 登录
  • 详细信息显示
  • 放入我的书架
  • 预约/预借图书
  • 作者相关作品
  • 分类相关作品
  • 丛书相关作品
  • 出版社相关作品

书目信息

  • 表格格式
  • 工作单格式
  • 卡片格式
题名:
不屈的共产党人
    
 
作者: ;本社 编
分册: 三  
出版信息: 北京   人民出版社  1980.06
页数: 468页
开本: 19cm
丛书名:
单 册:
中图分类: K824.1
科图分类:
主题词: 人物--传记--中国
电子资源:
ISBN:
000 00582nam0 2200217 45
001 0180003063
005 20060811170208.32
010    @dCNY1.20
091    @a3001.1819
100    @a19960215d1980 em y0chiy0121 ea
101 0  @achi
102    @aCN@b110000
105    @af z 000yc
200 10 @a不屈的共产党人@Abu qu de gong chan dang ren@h三@f本社编@FBen She Bian
210    @a北京@c人民出版社@d1980.06
215    @a468页@c照片@d19cm
606 0  @a人物@x传记@x中国
690    @aK824.1@v3
711 02 @a本社@4编
801  0 @aCN@bNLC@c20060811
905    @dK824.1@e3:3@f3@b178171-173
    
    不屈的共产党人.三/本社编.-北京:人民出版社,1980.06
    468页:照片;19cm
    
    
    ISBN :CNY1.20
    
●
相关链接 在E读中查询图书 在五车中查询图书 在当当中查询图书 在豆瓣中查询图书


正题名:不屈的共产党人     索取号:K824.1/3:3         预约/预借

序号 登录号 条形码 馆藏地/架位号 状态 备注
1 0076914   001881654   密集书库/ [索取号:K824.1/3:3] 在馆    
2 0076915   001881618   密集书库/ [索取号:K824.1/3:3] 在馆    
3 0076916   001881949   密集书库/ [索取号:K824.1/3:3] 在馆    
4 0076917   001881574   密集书库/ [索取号:K824.1/3:3] 在馆    
5 0076918   001881903   密集书库/ [索取号:K824.1/3:3] 在馆    
6 0178170   001881734   密集书库/ [索取号:K824.1/3:3] 在馆    
7 0178171   001394048   密集书库/ [索取号:K824.1/3:3] 在馆    
8 0178172   001394084   密集书库/ [索取号:K824.1/3:3] 在馆    
9 0178173   001394128   密集书库/ [索取号:K824.1/3:3] 在馆    
10 0178174   001881690   密集书库/ [索取号:K824.1/3:3] 在馆    
11 0435303   204353038   密集书库/ [索取号:K824.1/3:3] 在馆    
12 0435333   204353332   密集书库/ [索取号:K824.1/3:3] 在馆    
13 0443802   204438028   密集书库/ [索取号:K824.1/3:3] 在馆    
14 0455639   204556391   密集书库/ [索取号:K824.1/3:3] 在馆    
唐山师范学院图书馆 欢迎您!
大连网信软件有限公司© 版权所有